000 00404nam a2200157Ia 4500
008 160316s1996 xxu||||| |||| 00| 0 eng d
082 _a0.000000
_b
100 _aHeredia Borja
245 _aGlobally threatened birds in Europe : Action plans
250 _a
260 _aStrasbourg
_bCouncil of Europe
_c1996
300 _a408p
_b
_c
365 _b
650 _a
700 _aRose Laurence
_aPainter Mary
999 _c17169
_d17169